| 000 | 00982nam a22002417a 4500 | ||
|---|---|---|---|
| 005 | 20170810145704.0 | ||
| 010 | _a1516EN07 ENG-114677 | ||
| 020 |
_a9780143422587 _c225.00 |
||
| 035 | _aEN-98209 | ||
| 035 | _aB-604892-906 | ||
| 035 | _aB-666109 | ||
| 037 |
_adpl _bPragati/Ven |
||
| 037 | _bDBAD/PUB | ||
| 082 | _aN | ||
| 100 | _aTiwari, Tina Sharma | ||
| 245 |
_aWho,me? / _cby Tina Sharma Tiwari |
||
| 260 |
_bPenguin Books _c2015 _aGurgaon |
||
| 270 |
_a7th Floor, Infinity Tower C, DLF Cyber City _bGurgaon _e122002, Haryana |
||
| 300 |
_a262p. _c21cm(pbk) |
||
| 942 |
_2ddc _cEN _mTIW _hN |
||
| 999 |
_c96187 _d96187 |
||